Sociálny kapitál a triedy v slovenskej spoločnosti
Sociálny kapitál a spoločenské triedy v dielach vybraných autorov. Vzťahy sociálnych tried a sociálneho kapitálu a vytváranie sociálnych sietí. Sociálny kapitál základných spoločenských tried. Zhrnutie výsledkov z výskumu.
Saved in:
| Main Author: | |
|---|---|
| Other Authors: | |
| Format: | Book Chapter |
| Language: | Slovak |
| Subjects: | |
| Tags: |
No Tags, Be the first to tag this record!
|
MARC
| LEADER | 00000naa a2200000 4500 | ||
|---|---|---|---|
| 001 | 0260913 | ||
| 005 | 20200110123820.5 | ||
| 041 | 0 | |a slo | |
| 044 | |a SK | ||
| 245 | 1 | 0 | |a Sociálny kapitál a triedy v slovenskej spoločnosti |c Ján Sopóci, Anna Hrabovská |
| 520 | |a Sociálny kapitál a spoločenské triedy v dielach vybraných autorov. Vzťahy sociálnych tried a sociálneho kapitálu a vytváranie sociálnych sietí. Sociálny kapitál základných spoločenských tried. Zhrnutie výsledkov z výskumu. | ||
| 610 | 2 | 0 | |a sociológia |
| 610 | 2 | 0 | |a kapitál sociálny |
| 610 | 2 | 0 | |a triedy spoločenské |
| 610 | 2 | 0 | |a siete sociálne |
| 610 | 2 | 0 | |a výskum |
| 100 | 1 | |a Sopóci, Ján | |
| 700 | 1 | |a Hrabovská, Anna | |